000 01242nam a2200325 i 4500
005 20251021130046.0
008 251005t20242024my gr 001 0 may d
020 _a9789672422648
_cRM55.00
_qpaperback
040 _aPPAK
_beng
_cPPAK
_erda
082 0 4 _223
_a297.4
090 0 0 _a297.4
_bABD
_dG
100 0 _a'Abd Al-Ra'uf bin 'Ali Al-Fansuri Al-Jawi,
_cShaykh,
_d1615-1693,
_eauthor.
245 1 0 _a'UMDAT AL-MUHTAJIN :
_bILA SULUK MASLAK AL-MUFRIDIN /
_cSHAYKH 'ABD AL-RA'UF BIN 'ALI AL-FANSURI AL-JAWI ; Pengenalan, Tahqiq dan Perumian RIDWAN ARIF ; Ta'liq Hadith MUHD ZUL'AZRI JUNAIDI
264 1 _aKajang, Selangor :
_bAkademi Jawi Malaysia Sdn Bhd,
_c2024
264 4 _c©2024
300 _axvii, 226 pages ;
_c22 cm
336 _atext
_2rdacontent
337 _aunmediated
_2rdamedia
338 _avolume
_2rdacarrier
500 _aIncludes index
500 _aContains verses from the Qur'an and quotes from the Hadith
504 _aBibliography: pages 207-214
546 _aText in Malay and Jawi script
650 1 0 _aSufism
650 2 0 _aWorship (Islam)
650 2 0 _aIslam
_xDoctrines
700 0 _aRidwan Arif,
_cDr.,
_etranslator.
700 0 _aMuhd. Zul'azri Junaidi,
_eeditor.
942 _2ddc
_cB
999 _c201031
_d201031